[Event "GER-chT U10"]
[Site "Magdeburg"]
[Date "2016.12.29"]
[Round "6.4"]
[White "Tietz, Daniel"]
[Black "Doerr, Georg"]
[Result "0-1"]
[WhiteElo "742"]
[BlackElo "600"]
[PlyCount "118"]
[EventDate "2016.12.27"]
[EventType "team-swiss"]
[EventRounds "7"]
[EventCountry "GER"]
[SourceTitle "EXT 2018"]
[Source "ChessBase"]
[SourceDate "2017.10.13"]
[SourceVersion "1"]
[SourceVersionDate "2017.10.13"]
[SourceQuality "1"]
[WhiteTeam "Heng Postbauer"]
[BlackTeam "Berlin Nord Ost II"]
[WhiteTeamCountry "GER"]
[BlackTeamCountry "GER"]

1. c4 e5 2. Nc3 Nf6 3. e4 Bb4 4. Nf3 Nc6 5. a3 Bc5 6. d3 d6 7. Bg5 Bg4 8. h3 Be6 9. Nd5 h6 10. d4 Bb6 11. Bxf6 gxf6 12. Qb3 Na5 13. Qb4 Nc6 14. Qb5 Bd7 15. c5 Nxd4 16. Nxd4 Bxb5 17. Nxb5 Rc8 18. cxb6 axb6 19. Na7 Ra8 20. Nb5 Kd7 21. Ndxc7 Rc8 22. Nd5 Rc5 23. Ndc3 Rg8 24. g4 Rg5 25. Na4 Rc8 26. f3 h5 27. h4 Rg7 28. gxh5 Rh7 29. Nbc3 Rxh5 30. 0-0-0 Rc6 31. Bb5 Qc8 32. Bxc6+ Qxc6 33. Kb1 f5 34. exf5 Qxf3 35. Rc1 Rxf5 36. Nxb6+ Ke6 37. Rhf1 Qxf1 38. Rxf1 Rxf1+ 39. Ka2 Rh1 40. b4 Rxh4 41. b5 Rh2+ 42. Kb3 f5 43. Kb4 f4 44. Ne4 f3 45. a4 f2 46. Nd2 Rh1 47. a5 f1Q 48. Nxf1 Rxf1 49. a6 bxa6 50. bxa6 Ra1 51. Kb5 Rb1+ 52. Kc6 Ra1 53. Kb7 Rxa6 54. Kxa6 d5 55. Kb5 d4 56. Kc6 d3 57. Nc4 e4 58. Ne3 Ke5 59. Kc5 Kf4 0-1